LEADER 00795nam0-2200241 --450 001 9910264557903321 005 20180411140039.0 100 $a20180411d1978----km y0itay50 ba 101 0 $afre 102 $aUS 105 $ay 001yy 200 1 $aEconomie energetique dans la region de la CEE$eproblèmes nouveaux et incidences a moyen et a long terme$fCommission Economique pour l'Europe, Geneve 210 $aNew York$cNations Unies$d1978 215 $aVI, 33 p.$d30 cm 225 1 $aE/ECE$v961 710 02$aNazioni Unite.$bEconomic Commission for Europe$0495851 801 0$aIT$bUNINA$gREICAT$2UNIMARC 901 $aBK 912 $a9910264557903321 952 $aC1/104$b2589$fDINTR 959 $aDINTR 996 $aEconomie energetique dans la region de la CEE$91504847 997 $aUNINA LEADER 02395nam 22005295 450 001 9910345984003321 005 20251101110032.0 010 $a3-11-159081-X 024 7 $a10.1515/9783111590813 035 $a(CKB)4100000007990115 035 $a(MiAaPQ)EBC5750660 035 $a(DE-B1597)64219 035 $a(OCoLC)1097974246 035 $a(DE-B1597)9783111590813 035 $a(oapen)https://directory.doabooks.org/handle/20.500.12854/50918 035 $a(oapen)doab50918 035 $a(ODN)ODN0004682277 035 $a(EXLCZ)994100000007990115 100 $a20191022d2019 fg 101 0 $ager 135 $aurcnu|||||||| 181 $ctxt$2rdacontent 182 $cc$2rdamedia 183 $acr$2rdacarrier 200 10$aJournalistische Mitbestimmung in schwedischen Zeitungsverlagen /$fIngo Petzke 205 $aReprint 2019 210 $cDe Gruyter$d1974 210 31$aBerlin ;$aBoston : $cDe Gruyter, $d[2019] 210 1$cVerlag Dokumentation Saur, $d[1974] 210 4$d©1974 215 $a1 online resource (104 pages) 225 0 $aDortmunder Beiträge zur Zeitungsforschung ;$v18 300 $aTitle from eBook information screen.. 311 08$a3-7940-2518-0 327 $tFrontmatter -- $tVorwort -- $tInhalt -- $tVerzeichnis der Tabellen -- $tAbkürzungsverzeichnis -- $tEinleitung -- $t1. Die Antipoden -- $t2. Einwirkungsmechanismen -- $t3. Journalistische Mitbestimmung -- $tAnhang -- $tAnmerkungen -- $tLiteraturverzeichnis -- $tPersonenregister -- $tSachregister -- $tBackmatter 330 $aTo celebrate the 270th anniversary of the De Gruyter publishing house, the company is providing permanent open access to 270 selected treasures from the De Gruyter Book Archive. Titles will be made available to anyone, anywhere at any time that might be interested. The DGBA project seeks to digitize the entire backlist of titles published since 1749 to ensure that future generations have digital access to the high-quality primary sources that De Gruyter has published over the centuries. 606 $aJournalism$zGermany 615 0$aJournalism 676 $a073 686 $aLAN025000$2bisacsh 700 $aPetzke$b Ingo, $0926295 801 0$bDE-B1597 801 1$bDE-B1597 906 $aBOOK 912 $a9910345984003321 996 $aJournalistische Mitbestimmung in schwedischen Zeitungsverlagen$92079844 997 $aUNINA